Dacie and Lewis Practical Haematology / (Record no. 595514)
[ view plain ]
| 000 -LEADER | |
|---|---|
| fixed length control field | 00595nam a22001817a 4500 |
| 020 ## - INTERNATIONAL STANDARD BOOK NUMBER | |
| International Standard Book Number | 9780702069307 |
| 082 ## - DEWEY DECIMAL CLASSIFICATION NUMBER | |
| Classification number | 616.07561 |
| Author Mark | BAI |
| 100 ## - MAIN ENTRY--PERSONAL NAME | |
| Personal name | Bain, Barbara J.; Bates, Imelda |
| 9 (RLIN) | 114117 |
| 245 ## - TITLE STATEMENT | |
| Title | Dacie and Lewis Practical Haematology / |
| Statement of responsibility, etc. | Barbara J. Bain; Imelda Bates; Michael A. Laffan |
| 250 ## - EDITION STATEMENT | |
| Edition statement | 12th Edition. |
| 260 ## - PUBLICATION, DISTRIBUTION, ETC. | |
| Place of publication, distribution, etc. | China : |
| Name of publisher, distributor, etc. | Elsevier, |
| Date of publication, distribution, etc. | 2017. |
| 300 ## - PHYSICAL DESCRIPTION | |
| Extent | 585 p. ; |
| Other physical details | ill, |
| Dimensions | 25 cm. |
| 650 ## - SUBJECT ADDED ENTRY--TOPICAL TERM | |
| Topical term or geographic name entry element | Blood--Examination |
| 9 (RLIN) | 114118 |
| 650 ## - SUBJECT ADDED ENTRY--TOPICAL TERM | |
| Topical term or geographic name entry element | Hematology--Technique |
| 9 (RLIN) | 114119 |
| 650 ## - SUBJECT ADDED ENTRY--TOPICAL TERM | |
| Topical term or geographic name entry element | Blood--Analysis |
| 9 (RLIN) | 114120 |
| 650 ## - SUBJECT ADDED ENTRY--TOPICAL TERM | |
| Topical term or geographic name entry element | Blood--Diseases--Diagnosis |
| 9 (RLIN) | 114121 |
| 942 ## - ADDED ENTRY ELEMENTS (KOHA) | |
| Source of classification or shelving scheme | |
| Koha item type | Book |
| Withdrawn status | Lost status | Source of classification or shelving scheme | Damaged status | Not for loan | Permanent Location | Current Location | Shelving location | Date acquired | Source of acquisition | Cost, normal purchase price | Full call number | Barcode | Date last seen | Copy number | Cost, replacement price | Price effective from | Koha item type |
|---|---|---|---|---|---|---|---|---|---|---|---|---|---|---|---|---|---|
| NUST School of Health Sciences (NSHS) | NUST School of Health Sciences (NSHS) | General Stacks | 08/15/2023 | Allied Book Company | 10065.83 | 616.07561 BAI | NSHS-1503 | 08/15/2023 | c.1 | 20131.66 | 08/15/2023 | Book | |||||
| NUST School of Health Sciences (NSHS) | NUST School of Health Sciences (NSHS) | General Stacks | 08/15/2023 | Allied Book Company | 10065.83 | 616.07561 BAI | NSHS-1504 | 08/15/2023 | c.2 | 20131.66 | 08/15/2023 | Book |
